Blancanieves y los siete enanitos (Registro nro. 12151)

Detalles MARC
000 -LIDER
fixed length control field 00822nam a22002417a 4500
003 - IDENTIFICACDOR DE NÚMERO DE CONTROL
control field DO-SdBNP
005 - DATE AND TIME OF LATEST TRANSACTION
control field 20240905110948.0
008 - ELEMENTOS DE LONGITUD FIJA
fixed length control field 161129b2007 sp a 00| 0 spa d
040 ## - FUENTE DE CATALOGACIÓN
Agencia que crea de manera original el registro BPMSU
Idioma de catalogación spa
Agencia que realiza la transcripción BPMSU
082 #4 - NÚMERO DE CLASIFICACIÓN DECIMAL DE DEWEY
Classification number 808.83
Item number B638s 2007
Edition number 22
245 00 - MENCIÓN DE TITULO
Título Blancanieves y los siete enanitos
260 ## - PUBLICACIÓN, DISTRIBUCIÓN, ETC. (PIE DE IMPRENTA)
Lugar de publicación, distribución, etc Barcelona :
Nombre del editor, distribuidor, etc. Disney Enterprises,
Fecha de publicación, distribución, etc 2007
300 ## - DESCRIPCIÓN FÍSICA
Extensión 46 p. :
Otros detalles físicos il.,;
Dimensiones 28 cm.
490 0# - MENCIÓN DE SERIES
Mención de serie Biblioteca infantil, El mundo ;
-- Todos los cuentos clásicos,
Volume/sequential designation 1
590 ## - NOTA LOCAL
Texto de la nota local Inventariado, 23024/VM
600 14 - ENCABEZAMIENTO DE MATERIA--NOMBRE PERSONAL
Nombre personal Grimm, Wilhelm Karl
Fechas asociadas con el nombre 1786-1859
Título de una obra Blancanieves y los siete enanitos
Subdivisión de forma Adaptaciones
650 #4 - ENCABEZAMIENTO DE MATERIA--TEMÁTICO
Término temático o nombre geográfico como elemento de entrada Cuentos infantiles
Subdivisión de forma Colecciones
650 #4 - ENCABEZAMIENTO DE MATERIA--TEMÁTICO
Término temático o nombre geográfico como elemento de entrada Libros ilustrados para niños
650 #4 - ENCABEZAMIENTO DE MATERIA--TEMÁTICO
Término temático o nombre geográfico como elemento de entrada Adaptaciones.
Subdivisión de forma Cómics
710 2# - ASIENTO SECUNDARIO -- NOMBRE CORPORATIVO
Nombre corporativo o de jurisdicción Disney
910 ## - VALIDACIÓN
Validación VMateo V. Control de calidad. BPMSU
942 ## - ADDED ENTRY ELEMENTS (KOHA)
Source of classification or shelving scheme Dewey Decimal Classification
Koha item type Libros
Existencias
Withdrawn status Lost status Source of classification or shelving scheme Damaged status Not for loan Collection code Home library Current library Date acquired Source of acquisition Total Checkouts Full call number Barcode Date last seen Price effective from Koha item type
    Dewey Decimal Classification     Colección Infantil General Biblioteca Pública Metropolitana Salomé Ureña Biblioteca Pública Metropolitana Salomé Ureña 11/29/2016 FUNDI   BPMSU CGI 808.83 B638s 2007 BPMSU16111632 11/29/2016 11/29/2016 Libros